000
00371nam a2200109Ia 4500
008
221009s9999 xx 000 0 und d
082
_a
800/CHA
100
_a
चतुर्वेदी श्री. रामस्वरूप
_9
40075
245
0
_a
शरत़के नारी पात्र
260
_b
भारतीय ज्ञानमीठ
942
_c
BK
999
_c
64608
_d
64608